Denying National Roots: (Record no. 181655)

MARC details
000 -LEADER
fixed length control field 00557nam a22001937a 4500
005 - DATE AND TIME OF LATEST TRANSACTION
control field 20210930105317.0
010 ## - LCCN (DPL NO)
LC control number ENG-129984
020 ## - INTERNATIONAL STANDARD BOOK NUMBER
Terms of availability 250.00
International Standard Book Number 9788193373750
035 ## - SYSTEM CONTROL NUMBER
System control number EN-113516
037 ## - SOURCE OF ACQUISITION
Source of stock number/acquisition DBAD/PUB
082 ## - DEWEY DECIMAL CLASSIFICATION NUMBER
Classification number 954.035
100 ## - MAIN ENTRY--PERSONAL NAME
Personal name Shastri A. Rahul
245 ## - TITLE STATEMENT
Title Denying National Roots:
Remainder of title Early Communism and India/
Statement of responsibility, etc Shastri A. Rahul
250 ## - EDITION STATEMENT
Edition statement 2018
260 ## - PUBLICATION, DISTRIBUTION, ETC. (IMPRINT)
Name of publisher, distributor, etc Sahitya Niketan
270 ## - ADDRESS
Address 3-4-852, Keshavanilayam, Barkatpura
City Hyderabad
300 ## - PHYSICAL DESCRIPTION
Extent xiv,148p
Dimensions 21cm (pbk)
942 ## - ADDED ENTRY ELEMENTS (KOHA)
Source of classification or shelving scheme Dewey Decimal Classification
Item type English Books
Classification part 954.035
Call number suffix SHA
Holdings
Withdrawn status Lost status Not for loan Collection code Home library Current library Date acquired Source of acquisition Cost, normal purchase price Full call number Barcode Copy number Cost, replacement price Koha item type
      Non-fiction Shahdara Branch Shahdara Branch 29/09/2021 SHA 250.00 954.035 SHA EN-113516 1 250.00 English Books

© Delhi Public Library
Hit Counter
free hit counter